[Event "FICGS class E 000043 email"]
[Site "FICGS email"]
[Date "2007.04.04"]
[Round "1"]
[White "Galicza, Pali"]
[Black "Briceno, Jose"]
[Result "1-0"]
[WhiteElo "1400"]
[BlackElo "1400"]
[PlyCount "37"]
[EventDate "2007.??.??"]
[EventType "tourn (corr)"]
[EventRounds "5"]
[SourceTitle "Corr 2022"]
[Source "ChessBase"]
[SourceDate "2021.10.24"]
[SourceVersion "1"]
[SourceVersionDate "2021.10.24"]
[SourceQuality "1"]

1. f4 d5 2. d3 Nc6 3. Nf3 Nf6 4. e3 Bg4 5. Be2 Bxf3 6. Bxf3 e5 7. 0-0 Bc5 8. fxe5 Nxe5 9. d4 Nxf3+ 10. Qxf3 Bd6 11. c4 c6 12. cxd5 cxd5 13. Nc3 a6 14. Bd2 Qd7 15. Rac1 0-0 16. Nd1 Ng4 17. g3 Qe6 18. a3 Qh6 19. Qxg4 1-0